| 000 | 00000cam 2200000zi 4500 |
| 001 | 9.958276 |
| 003 | CaOODSP |
| 005 | 20251215132030 |
| 006 | m o d f |
| 007 | cr |n||||||||| |
| 008 | 251212s1926 nsca ob f|0| 0 eng d |
| 040 | |aCaOODSP|beng|erda|cCaOODSP |
| 043 | |an-cn--- |
| 086 | 1 |aFs52-5/15-1926E-PDF |
| 100 | 1 |aMacKay, D., |eauthor. |
| 245 | 10|aStructural changes of fish muscle during freezing / |cD.D. MacKay and C.B. Weld. |
| 246 | 17|aStructural changes during freezing |
| 264 | 1|aHalifax : |bBiological Board of Canada, |c1926. |
| 300 | |a1 online resource (19, [1] pages) : |billustrations. |
| 336 | |atext|btxt|2rdacontent |
| 337 | |acomputer|bc|2rdamedia |
| 338 | |aonline resource|bcr|2rdacarrier |
| 490 | 1 |aManuscript reports of the experimental stations ; |vno. 15 |
| 500 | |aDigitized edition from print [produced by Department of Fisheries and Oceans]. |
| 504 | |aIncludes bibliographical references (page 18). |
| 650 | 0|aFrozen fish|xExperiments. |
| 650 | 0|aFrozen fish|xMicrobiology. |
| 650 | 6|aPoisson congelé|xExpériences. |
| 650 | 6|aPoisson congelé|xMicrobiologie. |
| 710 | 2 |aBiological Board of Canada, |eissuing body. |
| 830 | #0|aManuscript reports of the experimental stations ;|vno. 15.|w(CaOODSP)9.948621 |
| 856 | 40|qPDF|s10.40 MB|uhttps://publications.gc.ca/collections/collection_2025/mpo-dfo/fs52-5/Fs52-5-15-1926-eng.pdf |